| 000 | 00970cam a22003133a 4500 | ||
|---|---|---|---|
| 001 | 8712 | ||
| 003 | PGUSA | ||
| 005 | 20140828083204.0 | ||
| 008 | 050801s2005||||xxu|||||s|||||000 1 eng d | ||
| 040 |
_aPGUSA _beng |
||
| 042 | _adc | ||
| 050 | 4 | _aPQ | |
| 100 | 1 |
_aZola, Émile, _d1840-1902 |
|
| 245 | 1 | 0 |
_aLa Conquête De Plassans _h[electronic resource] / _cÉmile Zola |
| 260 |
_bProject Gutenberg, _c2005 |
||
| 506 | _aPublic domain in the USA. | ||
| 516 | _aElectronic text | ||
| 653 | _aPsychiatric hospitals -- Fiction | ||
| 653 | _aFrance -- History -- Second Empire, 1852-1870 -- Fiction | ||
| 653 | _aChristian life -- Fiction | ||
| 653 | _aInsanity -- Fiction | ||
| 653 | _aPriests -- Fiction | ||
| 653 | _aConfessors -- Fiction | ||
| 653 | _aFrance -- Social life and customs -- 19th century -- Fiction | ||
| 653 | _aClergy -- Fiction | ||
| 830 | 0 |
_aProject Gutenberg _v8712 |
|
| 856 | 4 | 0 | _uhttp://www.gutenberg.org/ebooks/8712 |
| 942 | _cEB | ||
| 999 |
_c238012 _d238012 |
||